Castillos en la vida de Alfonso VI / (Record no. 182265)

MARC details
000 -LEADER
campo de control de longitud fija 00717nam a2200169 i 4500
001 - NÚMERO DE CONTROL
campo de control 182265
003 - IDENTIFICADOR DE NÚMERO DE CONTROL
campo de control ES-MaACL
005 - FECHA Y HORA DE LA ÚLTIMA TRANSACCIÓN
campo de control 20230906221553.0
008 - DATOS DE LONGITUD FIJA--INFORMACIÓN GENERAL
campo de control de longitud fija 130729s1988 sp |||| | spa d
100 0# - ENTRADA PRINCIPAL--NOMBRE DE PERSONA
Nombre de persona Muñoz Ruano, Juan.
9 (RLIN) 84493
245 10 - MENCIÓN DEL TÍTULO
Título Castillos en la vida de Alfonso VI /
Mención de responsabilidad, etc. Juan Muñoz Ruano.
260 ## - PUBLICACIÓN, DISTRIBUCIÓN, ETC.
Lugar de publicación, distribución, etc. Toledo :
Nombre del editor, distribuidor, etc. Instituto de Estudios Visigóticos-Mozárabes,
Fecha de publicación, distribución, etc. 1988.
300 ## - DESCRIPCIÓN FÍSICA
Extensión P. [305]-319 ;
Dimensiones 21 cm.
595 ## -
-- Separata de: Estudios sobre Alfonso VI y la reconquista de Toledo, Actas del II Congreso Internacional de Estudios Mozárabes (Toledo, 20-26 mayo 1985)
600 14 - PUNTO DE ACCESO ADICIONAL DE MATERIA--NOMBRE DE PERSONA
Nombre de persona Alfonso
Numeración VI,
Títulos y otros términos asociados al nombre Rey de Castilla.
9 (RLIN) 153108
852 ## - LOCALIZACIÓN
Ubicación ES-MaACL
Número de control de estantería 2316-F-13
Nota libre .- Dedicatoria manuscrita del autor
Holdings
Estatus retirado Estado de pérdida Estado de daño No para préstamo Colección Biblioteca de origen Biblioteca actual Ubicación en estantería Fecha de adquisición Fuente de adquisición Total de préstamos Signatura topográfica completa Código de barras Visto por última vez Precio de reemplazo Tipo de ítem Koha
        Colección de folletos Biblioteca del Ateneo de Madrid Biblioteca del Ateneo de Madrid Depósito folletos 29/07/2013     2316-F-13 1191541 23/02/2023 23/02/2023 Folleto